Alphabet 3 fois en 15 secondes - Statistiques

Statistiques générales
  • Ce quiz a été pris 1 258 fois
  • Le résultat moyen est 15 sur 26
Statistiques - réponses
Lettre à recopier 3 fois La réponse :) % Correct
aaa aaa
100%
eee eee
93%
bbb bbb
86%
ddd ddd
85%
ccc ccc
83%
fff fff
83%
iii iii
81%
ggg ggg
80%
hhh hhh
78%
jjj jjj
73%
kkk kkk
73%
lll lll
69%
mmm mmm
67%
ooo ooo
64%
ppp ppp
61%
nnn nnn
52%
rrr rrr
49%
qqq qqq
46%
ttt ttt
38%
uuu uuu
34%
sss sss
32%
zzz zzz
22%
yyy yyy
21%
vvv vvv
15%
www www
12%
xxx xxx
8%
Aucun quiz correspondant
Distribution des résultats
% des personnes avec chaque résultat
Percentile par nombre de réponses
Votre historique - résultats
Vous n’avez pas pris ce quiz